000 00342nam a2200145Ia 4500
100 _aMehta N.V.
650 _aGeneral
942 _cBK
654 _aIncome Tax Ready Reckoner
245 _aIncome tax Ready reckoner 2003-04
260 _bShri Kuber Pub. House
_aMumbai
_c2003
082 _a336.24
_bMEH
300 _a352
546 _aENGLISH
999 _c35481
_d35481